000 00280nam a22001097a 4500
082 _a004 ALT'M
100 _aALTMAN, RICK , ALTMAN, REBECCA BRIDGES
_964701
245 _aMASTERING PAGEMAKER 4 ON THE IBM PC
260 _aNEWDELHI
_bBPB
_c1991
300 _aXXVII, 527P
942 _cBK
999 _c573117
_d573117